Let's vote on it! / (Record no. 6454)

MARC details
000 -LEADER
fixed length control field 01286cam a2200349 a 4500
001 - CONTROL NUMBER
control field 6454
003 - CONTROL NUMBER IDENTIFIER
control field FISKH
005 - DATE AND TIME OF LATEST TRANSACTION
control field 20250620092116.0
008 - FIXED-LENGTH DATA ELEMENTS--GENERAL INFORMATION
fixed length control field 090212s2010 nyua j b 001 0 eng
010 ## - LIBRARY OF CONGRESS CONTROL NUMBER
LC control number 2009006373
020 ## - INTERNATIONAL STANDARD BOOK NUMBER
International Standard Book Number 9780531213469
020 ## - INTERNATIONAL STANDARD BOOK NUMBER
International Standard Book Number 9780531214459
040 ## - CATALOGING SOURCE
Original cataloging agency DLC
Transcribing agency DLC
Modifying agency DLC
Language of cataloging eng
050 ## - LIBRARY OF CONGRESS CALL NUMBER
Classification number JK1978.B45
082 ## - DEWEY DECIMAL CLASSIFICATION NUMBER
Classification number 324.60973
100 1# - MAIN ENTRY--PERSONAL NAME
Personal name Behrens, Janice,
Dates associated with a name 1972-
245 10 - TITLE STATEMENT
Title Let's vote on it! /
Statement of responsibility, etc. by Janice Behrens.
260 ## - PUBLICATION, DISTRIBUTION, ETC.
Place of publication, distribution, etc. New York :
Name of publisher, distributor, etc. Scholastic,
Date of publication, distribution, etc. 2010.
300 ## - PHYSICAL DESCRIPTION
Extent 24 pages :
Other physical details color illustrations ;
Dimensions 21 cm
490 0# - SERIES STATEMENT
Series statement Scholastic news nonfiction readers
500 ## - GENERAL NOTE
General note J<br/>
505 0# - FORMATTED CONTENTS NOTE
Formatted contents note J<br/>
505 0# - FORMATTED CONTENTS NOTE
Formatted contents note Vote for a class pet -- Time to choose -- Which pet wins? -- Let's keep voting -- My mom votes!
520 ## - SUMMARY, ETC.
Summary, etc. What does it take to be a good citizen? Find out in this appealing new series about the importance of working together, taking turns, respecting differences, and getting along in the classroom, the community, and the world!
521 8# - TARGET AUDIENCE NOTE
Target audience note 440<br/>
Source Lexile <br/>
521 8# - TARGET AUDIENCE NOTE
Target audience note J<br/>
Source Raz-Plus<br/>
650 #0 - SUBJECT ADDED ENTRY--TOPICAL TERM
Topical term or geographic name entry element Voting
Geographic subdivision United States
Form subdivision Juvenile literature.
650 #0 - SUBJECT ADDED ENTRY--TOPICAL TERM
Topical term or geographic name entry element Elections
Geographic subdivision United States
Form subdivision Juvenile literature.
906 ## - LOCAL DATA ELEMENT F, LDF (RLIN)
a 7
b cbc
c orignew
d 1
e ecip
f 20
g y-gencatlg
942 ## - ADDED ENTRY ELEMENTS (KOHA)
Source of classification or shelving scheme Dewey Decimal Classification
Koha item type Books
Suppress in OPAC No
Holdings
Withdrawn status Lost status Source of classification or shelving scheme Damaged status Not for loan Collection Home library Current library Shelving location Date acquired Total Checkouts Full call number Barcode Date last seen Date last checked out Copy number Price effective from Koha item type
    Dewey Decimal Classification     Non-Fiction Footprints International School Library Network Toul Kork Campus Footprints International School Library Network Toul Kork Campus TK Primary Library Room(4th Floor), Bookcase 1&2, Shelves 1-16, Dark Blue Books 05/05/2025 3 BEH 324.60973 JK1978.B45 FISBK05923 02/13/2026 01/29/2026 1 05/05/2025 Books
    Dewey Decimal Classification     Non-Fiction Footprints International School Library Network Toul Kork Campus Footprints International School Library Network Toul Kork Campus TK Primary Library Room(4th Floor), Bookcase 1&2, Shelves 1-16, Dark Blue Books 06/20/2025 1 BEH 324.60973 JK1978.B45 FISBK057018 09/05/2025 08/21/2025 2 06/20/2025 Books